Plastic surface modification: surface treatment and adhesion / (Record no. 565755)

000 -LEADER
fixed length control field 00426nam a2200133Ia 4500
008 - FIXED-LENGTH DATA ELEMENTS--GENERAL INFORMATION
fixed length control field 210430s9999 xx 000 0 und d
020 ## - INTERNATIONAL STANDARD BOOK NUMBER
International Standard Book Number 9781569904473
082 ## - DEWEY DECIMAL CLASSIFICATION NUMBER
Classification number 668.41 W848P
100 ## - MAIN ENTRY--PERSONAL NAME
Personal name Wolf, Rory A.
9 (RLIN) 54870
245 ## - TITLE STATEMENT
Title Plastic surface modification: surface treatment and adhesion /
Statement of responsibility, etc. Wolf, Rory A.
260 ## - PUBLICATION, DISTRIBUTION, ETC.
Place of publication, distribution, etc. Munich [Germany] ; | Cincinnati [Ohio] :
Name of publisher, distributor, etc. Hanser,
Date of publication, distribution, etc. 2010
300 ## - PHYSICAL DESCRIPTION
Extent ix, 181 p. :
942 ## - ADDED ENTRY ELEMENTS (KOHA)
Koha item type Reference
Source of classification or shelving scheme
Holdings
Withdrawn status Lost status Damaged status Not for loan Permanent Location Current Location Shelving location Date acquired Total Checkouts Full call number Barcode Date last seen Price effective from Koha item type
        School of Chemical & Materials Engineering (SCME) School of Chemical & Materials Engineering (SCME) Reference     668.41 W848P SCME-4704 04/30/2021 04/30/2021 Reference
© 2023 Central Library, National University of Sciences and Technology. All Rights Reserved.